| 000 | 01624pam a2200385 i 4500 | ||
|---|---|---|---|
| 999 |
_c66458 _d66458 |
||
| 001 | 768714001 | ||
| 003 | CO-MdFUSB | ||
| 005 | 20200706180218.0 | ||
| 007 | ta | ||
| 008 | 980424t1998 cau b 001 0 eng | ||
| 010 | _a 98022646 | ||
| 020 | _a0060667435 | ||
| 020 | _a0060628227 (pbk.) | ||
| 040 |
_aDLC _cCO-MdFUSB _dDLC _dCO-MdFUSB _bspa _erda |
||
| 041 | _aeng | ||
| 082 | 0 | 0 |
_223 _a248.4 _bF756 |
| 100 | 1 |
_aFoster, Richard J. _eautor |
|
| 245 | 1 | 0 |
_aStreams of living water : _bcelebrating the great traditions of Christian faith _c/ Richard J. Foster. |
| 250 | _aprimera edición | ||
| 264 | 1 |
_aSan Francisco : _bHarper San Francisco, _c[1998] |
|
| 264 | 4 | _c© 1998. | |
| 300 |
_axvi, 424 páginas. ; _c22 cm. |
||
| 336 |
_2rdacontent _asonidos _btxt |
||
| 337 |
_2rdamedia _asin mediación _bn |
||
| 338 |
_2rdacarrier _avolumen _bnc |
||
| 504 | _aIncluye referencias bibliográficas (páginas .379 -414) e índices. | ||
| 505 | _aImitatio: el paradigma divino. - La tradición contemplativa: descubrir la vida llena de oración. - La tradición de santidad: descubriendo la vida virtuosa. - La tradición carismática: descubrir la vida espiritual. - La tradición de justicia social: descubriendo la vida compasiva. - La tradición evangélica: descubrir la vida centrada en las palabras. - La tradición encarnacional: descubrir la vida sacramental. | ||
| 563 | _aRústico | ||
| 650 | 0 |
_aVida espiritual _951 |
|
| 856 | 4 | 2 | _uhttp://www.loc.gov/catdir/enhancements/fy1308/98022646-b.html |
| 942 | _cBK | ||
| 945 | _aJTF-925 | ||